书目信息 |
| 题名: |
生态风险评价
|
|
| 作者: | 苏特尔 著 ;尹大强 , 林志芬 , 刘树深 译 | |
| 分册: | ||
| 出版信息: | 北京 高等教育出版社 2011.6 |
|
| 页数: | 544页 | |
| 开本: | 26cm | |
| 丛书名: | ||
| 单 册: | ||
| 中图分类: | X171.1 | |
| 科图分类: | ||
| 主题词: | 生态环境--风险分析 , 生态环境 , 风险分析 | |
| 电子资源: | ||
| ISBN: | 978-7-04-027882-8 | |
| 000 | 01249nam0 2200325 45 | |
| 001 | 1355414327 | |
| 005 | 20130513110541.84 | |
| 010 | @a978-7-04-027882-8@dCNY59.90 | |
| 100 | @a20130108d2011 em y0chiy50 ea | |
| 101 | 1 | @achi@ceng |
| 102 | @aCN@b110000 | |
| 105 | @ay z 000yy | |
| 106 | @ar | |
| 200 | 1 | @a生态风险评价@ASheng Tai Feng Xian Ping Jia@dEcological risk assessment@f(美)Glenn W. Suter Ⅱ[著]@F( Mei )Glenn W. Suter Ⅱ[ Zhu ]@g尹大强,林志芬,刘树深等译@zeng |
| 210 | @a北京@c高等教育出版社@d2011.6 | |
| 215 | @a544页@d26cm | |
| 300 | @a环境学科图书译丛 | |
| 305 | @a据原书第2版译出 | |
| 330 | @a本书解释了ERA过程,并为实行准确的评价提供了各种有用的数据、模型和概念方法。示范了如何组织和实施ERA,涵盖传统风险评价、污染现状的风险评价、大尺度问题、外来生物的风险评价,以及基于环境监测的风险评价。 | |
| 510 | 1 | @aEcological risk assessment@zeng |
| 606 | 0 | @a生态环境@x风险分析 |
| 606 | 0 | @a生态环境 |
| 606 | 0 | @a风险分析 |
| 690 | @aX171.1@v5 | |
| 701 | 0 | @g(美)@a苏特尔@ASu Te Er@g(Suter , Glenn W. Ⅱ)@4著 |
| 702 | 0 | @a尹大强@AYin Da Qiang@4译 |
| 702 | 0 | @a林志芬@ALin Zhi Fen@g(女,环境)@4译 |
| 702 | 0 | @a刘树深@ALiu Shu Shen@4译 |
| 801 | @aCN@bTANGWEI@c20130111 | |
| 905 | @b0831147-49@dX171.1@e194@f3 | |
| 生态风险评价=Ecological risk assessment/(美)Glenn W. Suter Ⅱ[著]/尹大强,林志芬,刘树深等译.-北京:高等教育出版社,2011.6 |
| 544页;26cm |
| 环境学科图书译丛 |
| ISBN 978-7-04-027882-8:CNY59.90 |
| 本书解释了ERA过程,并为实行准确的评价提供了各种有用的数据、模型和概念方法。示范了如何组织和实施ERA,涵盖传统风险评价、污染现状的风险评价、大尺度问题、外来生物的风险评价,以及基于环境监测的风险评价。 |
| ● |
| 相关链接 |
|
|
|
|
正题名:生态风险评价
索取号:X171.1/194
 
预约/预借
| 序号 | 登录号 | 条形码 | 馆藏地/架位号 | 状态 | 备注 |
| 1 | 0831147 | 208311478 | 第二样本阅览室/ [索取号:X171.1/194] | 在馆 | |
| 2 | 0831148 | 208311487 | 第三借阅区/ [索取号:X171.1/194] | 在馆 | |
| 3 | 0831149 | 208311496 | 第三借阅区/ [索取号:X171.1/194] | 在馆 |